02389nam a2200397uu 450000100070000000500170000700700100002400800410003403500110007504000130008604100080009908000070010710000420011424501970015626000290035330000130038252007560039565000440115165000390119565000400123465000820127465000400135670000550139670000410145170000430149270000480153570000610158370000450164470000680168985600610175794200100181899900190182850200120184752600080185995201240186797020420260506160007.0co|||||||060406s2006 spa  a970204 ccomduadb aspa aCA10aMontoya, Blanca Luz4auteaut941199110aPropuesta pedagógica para la creación de ambientes de aprendizaje significativo en el nivel de transición con apoyo de las nuevas tecnologías de la información y la comunicación. b[sin publicador],c2006. a1 CD ROM3 aEste informe recoge algunos hallazgos y conclusiones arrojados por por la investigación propuesta pedagogica para la creación de ambientes de aprendizaje significativo en el nivel de transición con el apoyo de las tecnologias de la información y la comunicación, el cual se llevó a cabo con niños y maestros del grado de transición de la ciudad de medellin que participaron de los ambientes de aprendizaje significativos apoyados en el computador durante un año escolar. Los elementos elementos recogidos en el estudio, brindan aportes relevantes para que la incorporación de las TIC¿s al aula dev transición sea exitosa y para que se generen estrategias y propuestas pedagógicas que promuevan aprendizajes significativos. 7aAprendizaje significativo2embne940107 7aEducación preescolar2lemb91542 aEnseñanza de la tecnologia910894 aInnovaciones tecnológicas de la información y de la comunicación928163 aLicenciatura en Educación918108810aJimenez Guizao, Claudia Patricia4auteaut954041910aRuiz, Diana Milena4auteaut955263510aCardona, Dora Andrea4auteaut941831210aJaramillo, Diana Patricia4auteaut942010310aEnciso Rodríguez, María Angélica4auteaut941977010aRestrepo, Martha Ligia4auteaut9419829 0aBarreto Mesa, MaribelcDoctora en Educación4thseths95437104 uhttp://ayura.udea.edu.co:8080/jspui/handle/123456789/962 cTESIS c374401d374401 b146c15 a148 001040708TESDIGaCEDEDbCEDEDd2006-04-06iC901173l0oCA/0056p0593259r2023-04-26 00:00:00t1w2023-04-26yDIGITAL